Rosa in Sparkle City / (Record no. 1921)

MARC details
000 -LEADER
fixed length control field 01249nam a22002651i 4500
003 - CONTROL NUMBER IDENTIFIER
control field Uk
005 - DATE AND TIME OF LATEST TRANSACTION
control field 20231010144058.0
020 ## - INTERNATIONAL STANDARD BOOK NUMBER
International Standard Book Number 9781407139531 (pbk.) :
Terms of availability £4.99
040 ## - CATALOGING SOURCE
Original cataloging agency StDuBDS
Language of cataloging eng
Transcribing agency StDuBDS
Modifying agency Uk
Description conventions rda
050 ## - LIBRARY OF CONGRESS CALL NUMBER
Classification number PZ7
082 04 - DEWEY DECIMAL CLASSIFICATION NUMBER
Classification number 823.92
Edition number 23
100 1# - MAIN ENTRY--PERSONAL NAME
Personal name Collins, Poppy,
Relator term author.
245 10 - TITLE STATEMENT
Title Rosa in Sparkle City /
Statement of responsibility, etc. Poppy Collins.
260 ## - PUBLICATION, DISTRIBUTION, ETC.
Place of publication, distribution, etc. London :
Name of publisher, distributor, etc. Scholastic,
Date of publication, distribution, etc. 2014
300 ## - PHYSICAL DESCRIPTION
Extent 83 pages, 5 unnumbered pages of plates :
Other physical details illustrations ;
Dimensions 20 cm
490 0# - SERIES STATEMENT
Series statement Fashion fairy princess
500 ## - GENERAL NOTE
General note Formerly CIP.
Institution to which field applies Uk
505 ## - FORMATTED CONTENTS NOTE
Formatted contents note Q
520 ## - SUMMARY, ETC.
Summary, etc. The fashion fairy princesses are organizing a fairy fashion show! Everything has to be PERFECT and the fairies have fun shopping in Sparkle City to find the best outfits. Drawing on their expert fashion knowledge, they know they are going to pull off the most impressive catwalk extravaganza. The final piece is an amazing silk dress, encrusted with jewels from Jewel Forest. But moments before the show, they discover the stunning dress is ruined! Rosa must use her practical skills - and just a tiny bit of fairy magic - to save the day.
521 ## - TARGET AUDIENCE NOTE
Target audience note 870 <br/>
Source Lexile
521 ## - TARGET AUDIENCE NOTE
Target audience note Q <br/>
Source Raz-Plus
655 #0 - INDEX TERM--GENRE/FORM
Genre/form data or focus term Children's stories.
942 ## - ADDED ENTRY ELEMENTS (KOHA)
Source of classification or shelving scheme Dewey Decimal Classification
Koha item type Books
Suppress in OPAC No
999 ## -
-- 1921
-- 1921
Holdings
Withdrawn status Lost status Source of classification or shelving scheme Damaged status Not for loan Collection Home library Current library Shelving location Date acquired Total Checkouts Full call number Barcode Date last seen Price effective from Koha item type
    Dewey Decimal Classification     Juvenile Fiction Footprints International School Library Network Toul Kork Campus Footprints International School Library Network Toul Kork Campus A TK Campus, 4th Floor, Room B401, Fiction Bookcases (1-6) 10/10/2023   COL 823.92 PZ7 FISTKG4A052 10/10/2023 10/10/2023 Books